| 000 | 00666nam a2200205Ia 4500 | ||
|---|---|---|---|
| 003 | IN-BaIIA | ||
| 008 | 211028s9999 xx 000 0 eng d | ||
| 040 | _cIIA Library | ||
| 080 |
_a621.3:51 _bWAR |
||
| 100 |
_aWarren, A. G. _912773 |
||
| 245 | 0 |
_aMathematics applied to electrical engineering _cA. G. Warren |
|
| 260 |
_aLondon, _bChapman and Hall _c1944 |
||
| 300 | _axv, 384p. | ||
| 490 | _aA series of monographs on electrical engineering | ||
| 500 | _aDonated by Mrs. Bappu | ||
| 650 |
_aElectrical Engineering _91774 |
||
| 650 |
_aEngineering Mathematics _92342 |
||
| 650 | _aNASA Thesaurus | ||
| 942 | _cBK | ||
| 999 |
_c7498 _d7498 |
||